00225nam a22000977a 4500008004100000082001100041245004100052260000900093300001000102440001500112180806b xxu||||| |||| 00| 0 eng d a813.52 aPregnancy Labor and DeliverycDelmar c2004 a6fCD x0840019874